Statistiques concernant Les Îles d'Hawaï

Cliquez ici pour prendre le quiz!

Statistiques générales

  • Ce quiz a été pris 118 fois
  • Le résultat moyen est 4 sur 8

Réponses sur la Carte

Les réponses sont colorées sur une échelle allant du rouge au vert en fonction du pourcentage des utilisateurs qui les ont devinées à leur premier essai. Vous pouvez retrouver ces pourcentages ci-dessous.
 

Statistiques - réponses

Populationîle% Correct
953 207Oahu
80%
185 079Hawaï
75%
144 444Maui
53%
7 345Molokai
44%
66 921Kauai
42%
3 135Lanai
30%
0Kahoolawe
22%
170Niihau
22%

Distribution des résultats

Percentile par nombre de réponses

% des personnes avec chaque résultat

Votre développement - résultats

Vous n’avez pas pris ce quiz